[Event "54th Biel GM Rapid 2021"]
[Site "Biel SUI"]
[Date "2021.07.25"]
[Round "2.4"]
[White "Lagarde, Maxime"]
[Black "Kamsky, Gata"]
[Result "0-1"]
[WhiteTitle "GM"]
[BlackTitle "GM"]
[WhiteElo "2648"]
[BlackElo "2658"]
[WhiteFideId "662399"]
[BlackFideId "2000024"]
[EventDate "2021.07.25"]

1. e4 c6 2. d4 d5 3. e5 Bf5 4. h4 h6 5. Bd3 Bxd3 6. cxd3 e6 7. h5 c5 8. dxc5
Bxc5 9. Qg4 Ne7 10. d4 Bb4+ 11. Nc3 Nf5 12. Ne2 Nc6 13. Ng3 Nfxd4 14. Qxg7 Kd7
15. Qxf7+ Qe7 16. Qxe7+ Bxe7 17. O-O Nxe5 18. f4 Rag8 19. fxe5 Rxg3 20. Bf4 Rg4
21. g3 Rhg8 22. Kh2 Bh4 23. Rad1 Nf5 24. Ne4 Ke7 25. Nd6 Nxg3 26. Bg5+ Bxg5 27.
Rf7+ Kd8 28. Rxb7 Nf5 29. Nxf5 exf5 30. Rxd5+ Kc8 0-1

[Event "54th Biel GM Rapid 2021"]
[Site "Biel SUI"]
[Date "2021.07.25"]
[Round "4.3"]
[White "Gelfand, Boris"]
[Black "Kamsky, Gata"]
[Result "0-1"]
[WhiteTitle "GM"]
[BlackTitle "GM"]
[WhiteElo "2675"]
[BlackElo "2658"]
[WhiteFideId "2805677"]
[BlackFideId "2000024"]
[EventDate "2021.07.25"]

1. d4 Nf6 2. c4 e6 3. Nf3 b6 4. g3 Bb4+ 5. Bd2 Bxd2+ 6. Qxd2 Bb7 7. Bg2 d6 8.
O-O Nbd7 9. d5 e5 10. Nc3 O-O 11. e4 a5 12. Ne1 Nc5 13. Nc2 Re8 14. Rae1 c6 15.
dxc6 Bxc6 16. f3 Qc7 17. Ne3 Rad8 18. Rd1 g6 19. Bh3 Kh8 20. Rf2 Rf8 21. Qe1 Qb8
22. Rfd2 Ne8 23. Nb5 f5 24. exf5 Bxf3 25. fxg6 hxg6 26. Rc1 Ne4 27. Rdc2 Ng5 28.
Bg2 Bxg2 29. Kxg2 Qb7+ 30. Nd5 Nf6 31. Nc7 Qc8 32. Nxf6 Qh3+ 33. Kh1 Rxf6 34.
Nd5 Rf3 35. Rf2 Rdf8 36. Rxf3 Rxf3 37. Qe2 Rxg3 38. Rf1 Ne4 39. Rf8+ Kg7 40. Qf1
Qxf1+ 41. Rxf1 Rd3 42. Nc7 Rd2 43. Ne6+ Kh6 44. Re1 Nf2+ 45. Kg1 Rxb2 46. Re3 g5
47. Rf3 Ne4 48. Re3 Nd2 49. Rg3 g4 50. h3 gxh3 51. Rxh3+ Kg6 0-1

[Event "54th Biel GM Rapid 2021"]
[Site "Biel SUI"]
[Date "2021.07.25"]
[Round "7.3"]
[White "Lagarde, Maxime"]
[Black "Nihal, Sarin"]
[Result "0-1"]
[WhiteTitle "GM"]
[BlackTitle "GM"]
[WhiteElo "2648"]
[BlackElo "2620"]
[WhiteFideId "662399"]
[BlackFideId "25092340"]
[EventDate "2021.07.25"]

1. e4 e5 2. Bc4 Nf6 3. d3 Nc6 4. Nc3 Bb4 5. Ne2 d5 6. exd5 Nxd5 7. O-O Be6 8. f4
Nxc3 9. bxc3 Bc5+ 10. Kh1 Bxc4 11. dxc4 Qxd1 12. Rxd1 f6 13. Ng3 Rd8 14. Rf1 O-O
15. Ne4 Be7 16. f5 Na5 17. c5 Rd5 18. Rb1 b6 19. cxb6 axb6 20. g4 Nc4 21. Rg1
Nd6 22. Nxd6 Bxd6 23. Be3 Ra5 24. Ra1 Ra3 25. Bd2 h6 26. h4 Ra4 27. Rg2 Rfa8 28.
Rag1 Kf7 29. Be1 Rxa2 30. Re2 R2a4 31. Kh2 Rf4 32. Kh3 Raa4 33. Bd2 Rf3+ 34. Rg3
h5 35. gxh5 Rxf5 36. Reg2 Bf8 37. Rd3 Rxh5 38. Rg4 Rxg4 39. Kxg4 Kg6 40. Rd7 f5+
41. Kg3 Bd6 42. Bg5 e4+ 43. Kh3 Rh8 44. Be3 Re8 45. h5+ Kxh5 46. Rxg7 f4 47. Bd4
e3 48. Rg1 f3 49. Rb1 Re4 50. Bf6 e2 0-1